书目信息 |
| 题名: |
浙江名产趣谈
|
|
| 作者: | 朱国才 著 | |
| 分册: | ||
| 出版信息: | 北京 中国旅游出版社 1983 |
|
| 页数: | 172页 | |
| 开本: | 19cm | |
| 丛书名: | 中国旅游丛书 | |
| 单 册: | ||
| 中图分类: | F762 | |
| 科图分类: | ||
| 主题词: | 土特产品--简介--浙江--1983 | |
| 电子资源: | ||
| ISBN: | ||
| 000 | 00666nam2 2200253 45 | |
| 001 | 0183009573 | |
| 005 | 20060818111251.51 | |
| 010 | @dCNY0.60 | |
| 091 | @aCN@b17179.206 | |
| 100 | @a19950517d1983 em y0chiy0121 ea | |
| 101 | 0 | @achi |
| 102 | @aCN@b110000 | |
| 105 | @ay z 000yy | |
| 200 | 10 | @a浙江名产趣谈@Azhe jiang ming chan qu tan@f朱国才等著 |
| 210 | @a北京@c中国旅游出版社@d1983 | |
| 215 | @a172页@d19cm | |
| 225 | 2 | @a中国旅游丛书 |
| 410 | 0 | @120010@a中国旅游丛书 |
| 606 | @a土特产品@x简介@y浙江@z1983 | |
| 690 | @aF762@v3 | |
| 701 | 0 | @a朱国才@Azhu guo cai@4著 |
| 801 | 2 | @aCN@bNLC@c20060818 |
| 801 | 0 | @aCN@bTSSF |
| 905 | @a10447@dF762@e19 | |
| 浙江名产趣谈/朱国才等著.-北京:中国旅游出版社,1983 |
| 172页;19cm.-(中国旅游丛书) |
| ISBN :CNY0.60 |
| ● |
| 相关链接 |
|
|
|
|
正题名:浙江名产趣谈
索取号:F762/19
 
预约/预借
| 序号 | 登录号 | 条形码 | 馆藏地/架位号 | 状态 | 备注 |
| 1 | 0465724 | 204657246 | 密集书库/ [索取号:F762/19] | 在馆 |